• 首页
  • 本馆介绍
  • 公告通知
  • 最新文献
  • 馆藏检索
  • 电子资源
  • 读者导购
  • 参考咨询
  • 我的图书馆
  • 登录
  • 详细信息显示
  • 放入我的书架
  • 预约/预借图书
  • 作者相关作品
  • 分类相关作品
  • 丛书相关作品
  • 出版社相关作品

书目信息

  • 表格格式
  • 工作单格式
  • 卡片格式
题名:
财务会计操作实务
    
 
作者: 赵国忠 主编
分册:  
出版信息: 北京   中国人民大学出版社  2004
页数: 481页
开本: 23cm
丛书名:
单 册:
中图分类: F234.4
科图分类:
主题词: 财务会计--教材 , 财务会计
电子资源:
ISBN: 7-300-05033-6
000 00897nam0 2200265 450
000 00909nam0 2200265 450
000 00840nam0 2200241 450
000 00804oam2 2200229 45
005 20070725105158.59
010    @a7-300-05033-6@dCNY30.00
100    @a20070627d2004 em y0chiy0120 ea
101 0  @achi
102    @aCN@b110000
105    @ay z 000yy
200 1  @a财务会计操作实务@ACai Wu Hui Ji Cao Zuo Shi Wu@f赵国忠主编@FZhao Guo Zhong Zhu Bian
210    @a北京@c中国人民大学出版社@d2004
215    @a481页@d23cm
300    @a北京市高等教育精品教材立项项目
330    @a本书分为十二章,分别介绍了货币资金与应收款项核算、存货核算、负债核算、所有者(股东)权益核算、成本和费用核算等内容。
606 0  @a财务会计@j教材
606 0  @a财务会计
690    @aF234.4@v4
701  0 @a赵国忠@AZhao Guo Zhong@c(财会)@4主编
801  0 @aCN@bTAOJIN@c20070725
905    @a10447@dF234.4@e291
    
    财务会计操作实务/赵国忠主编.-北京:中国人民大学出版社,2004
    481页;23cm
    北京市高等教育精品教材立项项目
    
    ISBN 7-300-05033-6:CNY30.00
    本书分为十二章,分别介绍了货币资金与应收款项核算、存货核算、负债核算、所有者(股东)权益核算、成本和费用核算等内容。
●
相关链接 在E读中查询图书 在五车中查询图书 在当当中查询图书 在豆瓣中查询图书


正题名:财务会计操作实务     索取号:F234.4/291         预约/预借

序号 登录号 条形码 馆藏地/架位号 状态 备注
1 0824837   208248378   第一样本阅览室/ [索取号:F234.4/291] 在馆    
2 0824838   208248387   第一借阅区/ [索取号:F234.4/291] 在馆    
3 0824839   208248396   第一借阅区/ [索取号:F234.4/291] 在馆    
4 0824840   208248403   第一借阅区/ [索取号:F234.4/291] 在馆    
5 0824841   208248412   第一借阅区/ [索取号:F234.4/291] 在馆    
6 0824842   208248421   第一借阅区/ [索取号:F234.4/291] 在馆    
7 0824843   208248430   第一借阅区/ [索取号:F234.4/291] 在馆    
8 0824844   208248449   第一借阅区/ [索取号:F234.4/291] 在馆    
唐山师范学院图书馆 欢迎您!
大连网信软件有限公司© 版权所有